Formula One All Saudi Arabian GP Podiums - Statistics

General Stats
  • This quiz has been taken 22 times
  • The average score is 15 of 15
Answer Stats
Hint Answer % Correct
2nd Charles Leclerc
100%
3th Charles Leclerc
100%
3th Charles Leclerc
100%
20211st Lewis Hamilton
100%
2nd Max Verstappen
100%
20221st Max Verstappen
100%
2nd Max Verstappen
100%
20241st Max Verstappen
100%
2nd Max Verstappen
100%
20251st Oscar Piastri
100%
3th Carlos Sainz
95%
20231st Sergio Perez
95%
2nd Sergio Perez
95%
3th Valtteri Bottas
91%
3th Fernando Alonso
86%
No matching quizzes found
Score Distribution
Percent of People with Each Score
Percentile by Number Answered
Your Score History
You have not taken this quiz